O.K. : ohlášené knihy Národní agentuře ISBN v ČR a agentuře CIP : expresní informace určené knihovnám, nakladatelům, knihkupcům a distributorům.

Uložené v:
Podrobná bibliografia
Nový názov:O.K. (Praha, On-line)
Médium: Časopis
Jazyk:Czech
Vydané: Praha : Národní knihovna ČR, Odbor doplňování fondů - odd. mezinárodních agentur, 1992-2004.
Témy:
Tagy: Pridať tag
Žiadne tagy, Buďte prvý kto otaguje tento záznam!

MARC

LEADER 00000nas a22000001a 4500
001 000299321
003 SVKK
005 20251120101118.0
008 960805d19922004xr r|p||| |0 a0cze
022 |a 1210-4566 
040 |a BAA001  |b slo  |e AACR2 
041 0 |a cze 
044 |a xr  |c CZ 
210 1 |a O.K.  |b (Praha, Print) 
222 0 |a O.K.  |b (Praha, Print) 
245 0 0 |a O.K. :  |b ohlášené knihy Národní agentuře ISBN v ČR a agentuře CIP : expresní informace určené knihovnám, nakladatelům, knihkupcům a distributorům. 
246 3 3 |a Ohlášené knihy Národní agentuře ISBN v ČR. 
246 3 3 |a O.K. (Praha, Print). 
260 |a Praha :  |b Národní knihovna ČR, Odbor doplňování fondů - odd. mezinárodních agentur,  |c 1992-2004. 
310 |a 24x ročne 
362 0 |a 0 (1992), č. 1 - 2004  |z SKP ČR/2010 
500 |a Pôvodný podnázov: ohlášené knihy Národní agentuře ISBN v ČR a agentuře CIP 
500 |a Pokračuje ako online vydanie, internetová stránka prináša plné texty aktuálneho čísla a archivovaných čísel 
500 |a Záznamy dodávajú: Národní agentura ISBN v ČR a Národní agentura ISMN v ČR na základe údajov, které im poslali nakladatelia po pridelení ISBN alebo ISMN pred vydaním publikácie 
653 0 |a knižný obchod 
653 0 |a kníhkupectv 
785 0 0 |t O.K. (Praha, On-line)  |x 1801-6391 
910 |a KE001  |b A.1511 
998 |a SE 
090 |g CASOS  |k Sklad  |a A.1511  |j 184832  |i 2721217240  |s Zviazaný časopis 
090 |g CASOS  |k Sklad  |a A.1511  |j 184833  |i 2721217241  |s Zviazaný časopis 
090 |g CASOS  |k Sklad  |a A.1511  |j 184834  |i 2721217242  |s Zviazaný časopis 
090 |g CASOS  |k Sklad  |a A.1511  |j 184835  |i 2721217243  |s Zviazaný časopis 
090 |g CASOS  |k Sklad  |a A.1511  |j 184836  |i 2721217244  |s Zviazaný časopis 
090 |g CASOS  |k Sklad  |a A.1511  |j 184837  |i 2721217245  |s Zviazaný časopis 
090 |g CASOS  |k Sklad  |a A.1511  |j 184838  |i 2721217246  |s Zviazaný časopis 
090 |g CASOS  |k Sklad  |a A.1511  |j 191245  |i 2721217239  |s Zviazaný časopis 
090 |g CASOS  |k Sklad  |a A.1511  |j 195945  |i 2721217251  |s Zviazaný časopis 
090 |g CASOS  |k Sklad  |a A.1511  |j 195946  |i 2721217252  |s Zviazaný časopis 
090 |g CASOS  |k Sklad  |a A.1511  |j 195947  |i 2721217253  |s Zviazaný časopis 
090 |g CASOS  |k Sklad  |a A.1511  |j 196949  |i 2721217247  |s Zviazaný časopis 
090 |g CASOS  |k Sklad  |a A.1511  |j 196950  |i 2721217248  |s Zviazaný časopis 
090 |g CASOS  |k Sklad  |a A.1511  |j 196951  |i 2721217250  |s Zviazaný časopis 
090 |g CASOS  |k Sklad  |a A.1511  |j 198031  |i 2721217255  |s Zviazaný časopis 
090 |g CASOS  |k Sklad  |a A.1511  |j 198032  |i 2721217257  |s Zviazaný časopis 
090 |g CASOS  |k Sklad  |a A.1511  |j 198033  |i 2721217258  |s Zviazaný časopis 
090 |g CASOS  |k Sklad  |a A.1511  |j 198374  |i 2721217259  |s Zviazaný časopis 
090 |g CASOS  |k Sklad  |a A.1511  |j 198375  |i 2721217263  |s Zviazaný časopis 
090 |g CASOS  |k Sklad  |a A.1511  |j 198376  |i 2721217264  |s Zviazaný časopis 
090 |g CASOS  |k Sklad  |a A.1511  |j 198377  |i 2721217265  |s Zviazaný časopis 
090 |g CASOS  |k Sklad  |a A.1511  |j 198378  |i 2721217266  |s Zviazaný časopis 
090 |g CASOS  |k Sklad  |a A.1511  |j 198379  |i 2721217267  |s Zviazaný časopis 
090 |g CASOS  |k Sklad  |a A.1511  |j 203444  |i 299321-560  |s Zviazaný časopis 
090 |g CASOS  |k Sklad  |a A.1511  |j 203445  |i 299321-570  |s Zviazaný časopis 
090 |g CASOS  |k Sklad  |a A.1511  |j 203446  |i 299321-580  |s Zviazaný časopis 
090 |g CASOS  |k Sklad  |a A.1511  |j 203447  |i 299321-590  |s Zviazaný časopis 
090 |g CASOS  |k Sklad  |a A.1511  |j 203724  |i 299321-610  |s Zviazaný časopis 
090 |g CASOS  |k Sklad  |a A.1511  |j 203725  |i 299321-620  |s Zviazaný časopis 
090 |g CASOS  |k Sklad  |a A.1511  |j 203726  |i 299321-630  |s Zviazaný časopis 
090 |g CASOS  |k Sklad  |a A.1511  |j 203727  |i 299321-640  |s Zviazaný časopis 
090 |g CASOS  |k Sklad  |a A.1511  |i 299321-220  |s Prezenčne 
090 |g CASOS  |k Sklad  |a A.1511  |i 299321-240  |s Prezenčne 
090 |g CASOS  |k Sklad  |a A.1511  |i 299321-260  |s Prezenčne 
090 |g CASOS  |k Sklad  |a A.1511  |i 299321-270  |s Prezenčne 
090 |g CASOS  |k Sklad  |a A.1511  |i 299321-280  |s Prezenčne 
090 |g CASOS  |k Sklad  |a A.1511  |i 299321-290  |s Prezenčne 
090 |g CASOS  |k Sklad  |a A.1511  |i 299321-300  |s Prezenčne 
090 |g CASOS  |k Sklad  |a A.1511  |i 299321-310  |s Prezenčne 
090 |g CASOS  |k Sklad  |a A.1511  |i 299321-320  |s Prezenčne 
090 |g CASOS  |k Sklad  |a A.1511  |i 299321-330  |s Prezenčne 
090 |g CASOS  |k Sklad  |a A.1511  |i 299321-340  |s Prezenčne 
090 |g CASOS  |k Sklad  |a A.1511  |i 299321-350  |s Prezenčne 
090 |g CASOS  |k Sklad  |a A.1511  |i 299321-360  |s Prezenčne 
090 |g CASOS  |k Sklad  |a A.1511  |i 299321-370  |s Prezenčne 
090 |g CASOS  |k Sklad  |a A.1511  |i 299321-380  |s Prezenčne 
090 |g CASOS  |k Sklad  |a A.1511  |i 299321-390  |s Prezenčne 
090 |g CASOS  |k Sklad  |a A.1511  |i 299321-400  |s Prezenčne 
090 |g CASOS  |k Sklad  |a A.1511  |i 299321-410  |s Prezenčne 
090 |g CASOS  |k Sklad  |a A.1511  |i 299321-420  |s Prezenčne 
090 |g CASOS  |k Sklad  |a A.1511  |i 299321-430  |s Prezenčne 
090 |g CASOS  |k Sklad  |a A.1511  |i 299321-440  |s Prezenčne 
090 |g CASOS  |k Sklad  |a A.1511  |i 299321-450  |s Prezenčne 
090 |g CASOS  |k Sklad  |a A.1511  |i 299321-460  |s Prezenčne 
090 |g CASOS  |k Sklad  |a A.1511  |i 299321-470  |s Prezenčne 
090 |g CASOS  |k Študovňa časopisov  |a A.1511  |i 299321-480  |s Príručka / Študovňa 
090 |g CASOS  |k Študovňa časopisov  |a A.1511  |i 299321-490  |s Príručka / Študovňa 
090 |g CASOS  |k Študovňa časopisov  |a A.1511  |i 299321-500  |s Príručka / Študovňa 
090 |g CASOS  |k Študovňa časopisov  |a A.1511  |i 299321-510  |s Príručka / Študovňa 
090 |g CASOS  |k Študovňa časopisov  |a A.1511  |i 299321-520  |s Príručka / Študovňa 
090 |g CASOS  |k Študovňa časopisov  |a A.1511  |i 299321-530  |s Príručka / Študovňa 
090 |g CASOS  |k Študovňa časopisov  |a A.1511  |i 299321-540  |s Príručka / Študovňa 
090 |g CASOS  |k Študovňa časopisov  |a A.1511  |i 299321-550  |s Príručka / Študovňa 
090 |g CASOS  |k Študovňa časopisov  |a A.1511  |i 299321-600  |s Príručka / Študovňa 
090 |g CASOS  |k Študovňa časopisov  |a A.1511  |i 299321-650  |s Príručka / Študovňa 
090 |g CASOS  |k Študovňa časopisov  |a A.1511  |i 299321-660  |s Príručka / Študovňa 
090 |g CASOS  |k Študovňa časopisov  |a A.1511  |i 299321-670  |s Príručka / Študovňa 
090 |g CASOS  |k Študovňa časopisov  |a A.1511  |i 299321-680  |s Príručka / Študovňa 
090 |g CASOS  |k Študovňa časopisov  |a A.1511  |i 299321-690  |s Príručka / Študovňa 
090 |g CASOS  |k Študovňa časopisov  |a A.1511  |i 299321-700  |s Príručka / Študovňa 
090 |g CASOS  |k Študovňa časopisov  |a A.1511  |i 299321-710  |s Príručka / Študovňa 
090 |g CASOS  |k Študovňa časopisov  |a A.1511  |i 299321-720  |s Príručka / Študovňa 
090 |g CASOS  |k Študovňa časopisov  |a A.1511  |i 299321-730  |s Príručka / Študovňa 
090 |g CASOS  |k Študovňa časopisov  |a A.1511  |i 299321-740  |s Príručka / Študovňa 
090 |g CASOS  |k Študovňa časopisov  |a A.1511  |i 299321-750  |s Príručka / Študovňa 
090 |g CASOS  |k Študovňa časopisov  |a A.1511  |i 299321-760  |s Príručka / Študovňa 
090 |g CASOS  |k Študovňa časopisov  |a A.1511  |i 299321-770  |s Príručka / Študovňa 
090 |g CASOS  |k Študovňa časopisov  |a A.1511  |i 299321-780  |s Príručka / Študovňa